The Arthur Young guide to water and wastewater finance and pricing

Αποθηκεύτηκε σε:
Λεπτομέρειες βιβλιογραφικής εγγραφής
Κύριος συγγραφέας: Raftelis, George A.
Μορφή: Βιβλίο
Γλώσσα:English
Δημοσίευση: Chelsea, Michigan : Lewis, 1989
Θέματα:
Ετικέτες: Προσθήκη ετικέτας
Δεν υπάρχουν, Καταχωρήστε ετικέτα πρώτοι!

MARC

LEADER 00000nam a2200000 i 4500
001 1/65646
008 931012s1989 eng d
020 |a 0-87371-181-5 
035 |a ΛΕΣΒΟΣb10001591  |l 10001591 
040 |a GR-MY-UA  |b gre  |e aacr 
041 0 |a eng 
082 0 |a 628.1068 
100 1 |a Raftelis, George A. 
245 1 4 |a The Arthur Young guide to water and wastewater finance and pricing /  |c George A. Raftelis 
260 |a Chelsea, Michigan :   |b Lewis,   |c 1989 
300 |a 215 p.  |b tables; figures 
500 |a Includes index 
650 0 0 |a Water-supply  |x Finance. 
650 0 0 |a Water-supply  |x Rates. 
650 0 0 |a Sewage disposal  |x Finance. 
650 0 0 |a Sewage disposal  |x Rates. 
852 |a INST  |b LESVOS  |e 19931012  |h 628.1068 RAF  |p 005100005682  |q 005100005682  |t BK  |y 0 
909 |a Λ  |b 021788